| 000 | 00480nab a22001457 4500 | ||
|---|---|---|---|
| 003 | ES-SlBCS | ||
| 005 | 20210327224030.0 | ||
| 008 | 140521s2014 sp ||||| |||| 00| 0 spa d | ||
| 040 |
_aES-SlBC _bspa |
||
| 041 | _aspa | ||
| 100 | 1 |
_aRoyalty, Robert M. _947303 |
|
| 245 | 1 | 3 |
_aLa aparición de la "herejía" en el judaísmo del Segundo Templo y en el cristianismo primitivo _cRobert Royalty |
| 773 | 0 |
_gNúm. 355, 2014, págs. 33-46 _tConcilium _wRev134 _x0210-1041 |
|
| 942 |
_2lcc _cAR |
||
| 999 |
_c454019 _d454019 |
||